| 000 -LEADER |
| fixed length control field |
00928nam a2200241 a 4500 |
| 020 ## - INTERNATIONAL STANDARD BOOK NUMBER |
| ISBN |
2110844841 |
| 040 ## - CATALOGING SOURCE |
| Transcribing agency |
DLC |
| 082 ## - DEWEY DECIMAL CLASSIFICATION NUMBER |
| Classification number |
378 SOC 1982 A017 Or. |
| 245 00 - TITLE STATEMENT |
| Title |
Evaluation du développement rural / |
| 250 ## - EDITION STATEMENT |
| Edition statement |
2e éd. / |
| 260 ## - PUBLICATION, DISTRIBUTION, ETC. (IMPRINT) |
| Place of publication |
[Paris] : |
| Name of publisher |
Société d'études pour le développement économique et social, |
| Year of publication |
c1982. |
| 300 ## - PHYSICAL DESCRIPTION |
| Number of Pages |
201 p. : |
| Other physical details |
ill. ; |
| Dimensions |
24 cm. |
| 490 1# - SERIES STATEMENT |
| Series statement |
Méthodologie, |
| 500 ## - GENERAL NOTE |
| General note |
At head of title: République française, Ministère des relations extérieures, Coopération et développement. |
| 500 ## - GENERAL NOTE |
| General note |
Rev. and completed ed. of: Guide d'évaluation a posteriori des opérations de développement rural. c1979. |
| 650 #0 - SUBJECT ADDED ENTRY--TOPICAL TERM |
| Topical Term |
Economic development projects |
| 650 #0 - SUBJECT ADDED ENTRY--TOPICAL TERM |
| Topical Term |
Rural development projects |
| 700 1# - ADDED ENTRY--PERSONAL NAME |
| Personal name |
Danel, J. M. |
| 700 1# - ADDED ENTRY--PERSONAL NAME |
| Personal name |
Ancey, Gérard. |
| 710 2# - ADDED ENTRY--CORPORATE NAME |
| Corporate name or jurisdiction name as entry element |
Société d'études pour le développement économique et social (France) |
| 710 1# - ADDED ENTRY--CORPORATE NAME |
| Corporate name or jurisdiction name as entry element |
France. |
| 942 ## - ADDED ENTRY ELEMENTS (KOHA) |
| Koha item type |
សៀវភៅភាសាអង់គ្លេស |
| 952 ## - LOCATION AND ITEM INFORMATION (KOHA) |
| Withdrawn status [LOCAL, KOHA] |
0 |